| 000 | 00563nam a2200205 a 4500 | ||
|---|---|---|---|
| 001 | 85100 | ||
| 003 | BD-RjUL | ||
| 005 | 20250701162647.0 | ||
| 008 | 250701s1947 enk||||| |||| 00| 0 eng d | ||
| 035 | _a(BD-RjUL)85100 | ||
| 040 |
_aBD-RjUL _beng _cBD-RjUL |
||
| 041 | _aeng | ||
| 082 |
_223 _a823 _bBYP 1947 |
||
| 100 |
_aByrne, Donn _915860 |
||
| 245 |
_aThe power of the dog / _cDonn Byrne |
||
| 260 |
_aHarmondsworth, England : _bPenguin Books, Harmondsworth, England, _c1947 |
||
| 300 |
_a331 p.; _c19 cm. |
||
| 650 | _aEnglish Fiction | ||
| 942 |
_2ddc _cBK |
||
| 999 |
_c85100 _d85100 |
||